000 02004nam a2200313 a 4500
003 OSt
005 20260420113551.0
007 cr ||||||a|a|a
008 250805s2025 mx a|||fom||| 001 0 spa d
040 _erda
100 1 _aAguilar Torres, Linda Elena
_9190825
245 1 0 _aIdentificación de especies de trips asociados con el cultivo de carambolo en Yautepec, Morelos /
_cpor Linda Elena Aguilar Torres; director de tesis Manuel Alejandro Tejeda Reyes; secretario Mnuel Orrantia Orrantia; vocal Calixto Leopoldo Carrillo Fonseca; suplente Luis Emilio Castillo Marquez; suplente Jaime Alfredo Urzua Gutierrez.
264 1 _aChapingo, México :
_bEl autor,
_c2024.
300 _a1 recurso en línea (56 páginas):
_bcuadros, figuras.
336 _2rdacontent
_atexto
_btxt
337 _2rdamedia
_acomputadora
_bc
338 _2rdacarrier
_arecurso en línea
_bcr
502 _bIAEPA
_cParasitología
_d2024.
_gLIC
504 _aIncluye referencias bibliográficas: páginas 37-48.
520 _aSe identificó a el trips del chile Scirtothrips dorsalis Hood (Thysanoptera: Thripidae) afectando frutos de carambolo (Averrhoa carambola L.) en el municipio de Yautepec, Morelos, México. Esta plaga es originaria del continente asiático, altamente polífaga e invasiva, capaz de causar severos daños en brotes jóvenes y frutos en desarrollo en diversos cultivos. Se reporta por primera vez a S. dorsalis causando afectaciones al cultivo de carambolo en México.
650 4 _aAverrhoa carambola
_xPlagas
_9191037
650 4 _aScirtothrips dorsalis
_xIdentificación
_9191035
700 1 _aTejeda Reyes, Manuel Alejandro
_9112025
_edirector.
700 1 _aCarrillo Fonseca, Calixto Leopoldo
_919482
_evocal.
700 1 _aCastillo Márquez, Luis Emilio
_920176
_esuplente.
700 1 _aUrzúa Gutiérrez, Jaime Alfredo
_esuplente.
_9117018
856 _uhttp://10.13.5.2/tesis/tl/1310030-1_AGUILAR_TORRES_LINDAELENA.pdf
_zDESCARGAR PDF
942 _2Clasificación Universidad Autónoma Chapingo
_cTD
999 _c220775
_d220775